000 00218 a2200097 4500
020 _a013429907133
041 _aspa
100 _aJennyfer Moore mallinos
245 _aCuando mis padres dejaron de ser Amigos
942 _cK
999 _c30484
_d30482